| 000 | 01027cam a2200229 4500 | ||
|---|---|---|---|
| 001 | WB3834-16 | ||
| 008 | 020919n2002 000 0 eng u | ||
| 035 | _a(Sirsi) u119752 | ||
| 245 | _aBetter government key | ||
| 260 | _c2002 | ||
| 490 |
_aRICS Feature _v18 September 2002, (1) |
||
| 520 | _aA better quality of life in towns and cities can be achieved if local and national governments adopt a more holistic approach to planning. This is the message of the RICS 'Leading Edge' papers series, launched at the President's Address. The first three papers in the series look at urban growth, transport and development and land markets. Papers available at www.rics.org/ricscms/bin/show?class=ResearchReports&template=/includes/showresearch.html&id=37 | ||
| 590 | _aWB | ||
| 650 | _aQUALITY OF LIFE | ||
| 650 | _aLEADING EDGE | ||
| 650 | _aURBAN GROWTH | ||
| 650 | _aLAND MARKETS | ||
| 650 | _aTRANSPORT | ||
| 650 | _aRICS | ||
| 690 | _aENVIRONMENTAL AND LAND CONSULTANCY-PLANNING AND DEVELOPMENT | ||
| 942 | _n0 | ||
| 999 |
_c71181 _d71181 |
||